Problémy vidieckeho obyvateľstva na trhu práce a význam ďalšieho vzdelávania na vidieku
Vidiek z pohľadu trhu práce a potrieb vzdelávacích aktivít. Štruktúra evidovaných nezamestnaných. Vhodné podmienky vzdelávania pre širokú verejnosť. Rozvoj jednotlivých regiónov, príprava vidieka pre vstup do informačnej spoločnosti.
Enregistré dans:
| Auteur principal: | |
|---|---|
| Format: | Chapitre de livre |
| Langue: | slovaque |
| Sujets: | |
| Tags: |
Pas de tags, Soyez le premier à ajouter un tag!
|
MARC
| LEADER | 00000naa a2200000 4500 | ||
|---|---|---|---|
| 001 | r032234 | ||
| 005 | 20240502083120.8 | ||
| 041 | 0 | |a slo | |
| 044 | |a CZ | ||
| 245 | 1 | 0 | |a Problémy vidieckeho obyvateľstva na trhu práce a význam ďalšieho vzdelávania na vidieku |c Marta Ďurďovičová |
| 520 | |a Vidiek z pohľadu trhu práce a potrieb vzdelávacích aktivít. Štruktúra evidovaných nezamestnaných. Vhodné podmienky vzdelávania pre širokú verejnosť. Rozvoj jednotlivých regiónov, príprava vidieka pre vstup do informačnej spoločnosti. | ||
| 610 | 2 | 0 | |a trh práce |
| 610 | 2 | 0 | |a vidiek |
| 610 | 2 | 0 | |a vzdelávanie |
| 610 | 2 | 0 | |a nezamestnanosť |
| 610 | 2 | 0 | |a Slovensko |
| 100 | 1 | |a Ďurďovičová, Marta, 1964- | |